Liga Mistrzów - prawda czy fałsz? - Statystyki

Ogólne statystyki
  • Ten quiz został rozwiązany 386 razy
    363 od ostatniego zresetowania
  • Średni wynik to 10 z 15
Statystyki odpowiedzi
Zagadnienie Odpowiedź % Poprawnych
Organizatorem rozgrywek jest UEFA Prawda
93%
Najlepszym strzelcem w historii jest Cristiano Ronaldo Prawda
92%
Ostatnim Polskim zespołem w Lidze Mistrzów była Legia Warszawa Prawda
88%
Najwięcej finałów przegrał Juventus Prawda
79%
Finał w 2025 roku odbędzie się w Niemczech Prawda
79%
Zlatan Ibrahimović wygrał chodź raz ligę mistrzów Fałsz
77%
Nigdy nie miał miejsca finał Ligi Mistrzów Real Madryt przeciwko Barcelonie Prawda
75%
Kiedyś zespół z Czech wygrał Ligę mistrzów Fałsz
71%
W XXI wieku Ligę Mistrzów wygrywały same zespoły z top 5 lig Fałsz
63%
Liga mistrzów ma ponad 40 lat Prawda
63%
Jakiś zespół wygrał Ligę Mistrzów co najmniej 5 razy pod rząd Prawda
59%
Iker Casillas posiada najwięcej wystepów w LM Fałsz
54%
W Fazie grupowej jest aktualnie 8 grup Fałsz
40%
Od sezonu 25/26 będzie w Lidze Mistrzów uczestniczyło 36 zespołów Fałsz
37%
Robert Lewandowski ma ponad 100 bramek Fałsz
35%
Nie znaleziono quizów pasujących do podanych kryteriów
Rozkład punktacji
Procent ludzi z każdym wynikiem
Percentyl według liczby udzielonych odpowiedzi
Twoja historia wyników
Nie rozwiązałeś tego quizu od ostatniego zresetowania